| 000 | 00462nam a2200193Ia 4500 | ||
|---|---|---|---|
| 005 | 20240823020448.0 | ||
| 008 | 240823s9999||||xx |||||||||||||| ||und|| | ||
| 020 | _a81-7596-293-3 | ||
| 041 | _aENGLISH | ||
| 082 | _A418 P5 | ||
| 100 | _aSasikumar V et al. | ||
| 245 | 2 | _aA Course in Listening and Speaking I | |
| 250 | _a1st | ||
| 260 |
_c2005 _bFoundation _aNew Delhi |
||
| 500 | _aYES | ||
| 650 |
_aSpeaking _bEnglish |
||
| 942 | _cBK | ||
| 999 |
_c174808 _d174808 |
||